| 000 | 00680nam a22002537a 4500 | ||
|---|---|---|---|
| 003 | URS | ||
| 005 | 20250828100517.0 | ||
| 008 | 170608b xxu||||| |||| 00| 0 eng d | ||
| 020 | _a971-08-6356-8 | ||
| 040 | _cURS | ||
| 041 | _aeng | ||
| 050 | 0 | 0 |
_aNX 440 _b.Z84 2003 |
| 100 | 1 |
_aZulueta, Francisco M. _eauthor |
|
| 245 | 4 |
_aThe Humanities _cFrancisco M. Zulueta |
|
| 250 | _aRevised edition | ||
| 264 |
_aMandaluyong City _bNational Book Store _c©2003 |
||
| 300 |
_a307 pages : _billustrations ; _c22 cm |
||
| 336 |
_2rdacontent _atext |
||
| 337 |
_2rdamedia _aunmediated |
||
| 338 |
_2rdacarrier _avolume |
||
| 650 | _aHumanities. | ||
| 650 | _aArt. | ||
| 942 |
_2lcc _cF |
||
| 999 |
_c85111 _d85109 |
||